000 01080cam a2200217 4500
001 ##L135226
008 061005n2006 000 0 eng u
035 _a(Sirsi) u135226
041 0 _aeng
050 0 4 _a333.33 $2 18
110 2 _aHBOS plc
_94703
245 0 0 _aHalifax house price index national index
_bMay 2006
260 _aLOndon
_bHBOS
_c2006
490 0 _aHalifax House Price Index
_vMay 2006
520 _aHouse prices increased by 0.1% in May, the smallest rise since January's 0.2% fall. Recent momentum in the housing market has caused house price inflation to pick up in early 2006. The annual rate of 9.1% is the highest for 14 months but is expected to moderate in the second half of 2006.The standardised average house price (seasonally adjusted) stands at £178 997.
650 2 4 _aHALIFAX HOUSE PRICE INDEX
651 4 _aUnited Kingdom
_y
690 _aPROPERTY-RESIDENTIAL PROPERTY-RESIDENTIAL PROPERTY MARKET
856 4 0 _uhttps://www.hbosplc.com/economy/housingresearch.asp
_zView the national index free of charge at www.hbosplc.com...
942 _n0
999 _c105954
_d105954